The present delusion of many Protestants, consider'd : In a sermon preach'd in the parish-church of St. Peter's Poor, in Broadstreet, November 5. 1715 by Benjamin Hoadly, ...

Bibliographic Details
Main Author: Hoadly, Benjamin, 1676-1761
Format: eBook
Language:English
Series:Eighteenth century collections online.
Online Access:Full text online

MARC

Tag First Indicator Second Indicator Subfields
LEADER 00000cam a2200000 4500
001 in00001946921
006 m | d |
007 cr |n||||||||n
008 851017s1715 ie |||| s 00||||eng d
005 20260414165642.9
035 |a (CStRLIN)ESTCN20892 
040 |a Cu-RivES  |c Cu-RivES  |d CStRLIN  |d Thomson Gale  |d UtOrBLW 
100 1 |a Hoadly, Benjamin,  |d 1676-1761. 
245 1 4 |a The present delusion of many Protestants, consider'd :  |b In a sermon preach'd in the parish-church of St. Peter's Poor, in Broadstreet, November 5. 1715 by Benjamin Hoadly, ... 
264 3 |a Dublin :  |b Reprinted for J. Pepyat,  |c 1715. 
300 |a 24p. ;  |c 8⁰. 
336 |a text  |b txt  |2 rdacontent 
337 |a computer  |b c  |2 rdamedia 
338 |a online resource  |b cr  |2 rdacarrier 
500 |a Reproduction of original from the Cambridge University Library. 
510 4 |a English Short Title Catalog,  |c ESTCN20892. 
533 |a Electronic reproduction.  |b Farmington Hills, Mich. :  |c Thomson Gale,  |d 2003.  |n Available via the World Wide Web.  |n Access limited by licensing agreements  |7 s2003 miunns 
500 |a Electronic resource. 
830 0 |a Eighteenth century collections online. 
856 4 0 |u http://proxy.library.tamu.edu/login?url=https://galenet.galegroup.com/servlet/ECCO?c=1&stp=Author&ste=11&af=BN&ae=N020892&tiPG=1&dd=0&dc=flc&docNum=CW123283371&vrsn=1.0&srchtp=a&d4=0.33&n=10&SU=0LRF&locID=txshracd2898  |z Full text online  |t 0 
999 |a MARS 
999 f f |s 321ac29b-7e21-3ecb-900f-fddabaf7a07d  |i 8f402a04-0214-310b-83cc-a7a61023c436  |t 0 
952 f f |a Texas A&M University  |b College Station  |c Electronic Resources  |s www_evans  |d Available Online  |t 0  |h No information provided 
998 f f |t 0  |l Available Online